13 additions en 15s. (Test de rapidité) - Statistiques

Statistiques générales
  • Ce quiz a été pris 122 fois
  • Le résultat moyen est 3 sur 13
Statistiques - réponses
Calcul Résultat % Correct
39+65 104
80%
23+99 122
61%
65+48 113
55%
74+6 80
36%
36+100 136
31%
44+630 674
21%
68+456 524
8%
657+63 720
2%
459+628 1087
1%
589+687 1276
0%
54+68+11 133
0%
15+89+56 160
0%
5789+56 5845
0%
Aucun quiz correspondant
Distribution des résultats
% des personnes avec chaque résultat
Percentile par nombre de réponses
Votre historique - résultats
Vous n’avez pas pris ce quiz